Pur che tutti ridano /

সংরক্ষণ করুন:
গ্রন্থ-পঞ্জীর বিবরন
প্রধান লেখক: Monari, Gastone (লেখক)
অন্যান্য লেখক: Tagliaferri, Aldo, (1931- ) (ভূমিকা রচয়িতা, ইত্যাদি)
বিন্যাস: গ্রন্থ
ভাষা:ইতালিয়
প্রকাশিত: Milano : Feltrinelli, 1973
মালা:Poesia ; 23
ট্যাগগুলো: ট্যাগ যুক্ত করুন
কোনো ট্যাগ নেই, প্রথমজন হিসাবে ট্যাগ করুন!

MARC

LEADER 00000nam a22000007i 4500
001 IT\ICCU\SBL\0599354
003 ItRI
005 20260115232255.0
008 910930s1973 it |||||| ||||| |||||c
015 |2 IT  |a 746012 
040 |b ita  |c importazione bologna sebina 
041 7 |a ita  |2 ISO-639-2 
082 |a 851.91  |9 POESIA ITALIANA, 1900-2000  |2 17 
082 |a 851.91  |2 18 
100 1 |a Monari, Gastone  |0 IT\ICCU\SBLV\260944  |4 aut 
245 1 0 |a Pur che tutti ridano /  |c Gastone Monari ; prefazione di Aldo Tagliaferri. 
260 |a Milano :  |b Feltrinelli,  |c 1973 
300 |a 1 v. ;  |c 25 cm 
500 |a Paginazione varia. 
700 1 |a Tagliaferri, Aldo,  |d  (1931- )  |0 IT\ICCU\CFIV\059179  |4 aui 
830 0 |a Poesia ;  |v 23  |0 IT\ICCU\RAV\0051693 
942 |2 ddc  |c BK  |n 0 
952 |0 0  |1 0  |4 0  |6 DOC_851_914000000000000_MON  |7 0  |9 23375  |a BO  |b BO  |d 2026-01-15  |i 181  |l 0  |o DOC 851.914 MON  |p BO181  |r 2026-01-15 23:22:55  |w 2026-01-15  |x [Sebina 7] [1 v.]  |y BK  |z 1 v. 
999 |c 19925  |d 19925